000 002720000a22000970004500
100 1 _aBerberián, Martha de
245 1 0 _a60 años de siembra abundante en Guatemala
300 _aVol. 56, Núm 253 (2001), Páginas 24-26
773 0 _tLa Biblia de las Américas
942 _cANA
999 _c51627
_d51627